00370nam a2200157Ia 4500003000400000005001700004008004100021040000700062041000800069082001600077100001800093245003900111260003900150300000900189650001400198OSt20260428151643.0250729s2010 xx 000 0 und d cAL akan a372.25 SHIU aDr.S.Shivayya audayanmukha bharathadali shikshana aDavanagerebPooja Prakashanac2010 a334p aEducation